000 00309 a2200121 4500
999 _c7688
_d7688
020 _a8120312481
050 _alibrary of congress
100 _aKaul, A
245 _aBusiness Communication
264 _aNew Delhi
_bPrentice Hall
_c1999
700 _aKaul, Asha
942 _2lcc
_cBK
_h5718
_iKAU
_kHF 5718 KAU 1999